El moderno sistema mundial

Gorde:
Xehetasun bibliografikoak
Egile nagusia: Wallerstein, Immanuel Maurice (Egilea)
Formatua: Liburua
Hizkuntza:gaztelania
Argitaratua: Ciudad de México Siglo veintuno 1987
Edizioa:4a. ed
Saila:Historia
Gaiak:
Etiketak: Etiketa erantsi
Etiketarik gabe, Izan zaitez lehena erregistro honi etiketa jartzen!

MARC

LEADER 00000nam a2200000 a 4500
001 UCX2063
003 CL-VaPUC
008 910128e19870000MX |||||||||||||||||spa|d
082 0 4 |a 330.122  |b WAL  |2 21 
100 0 |a Wallerstein, Immanuel Maurice  |e author  |9 317846 
245 1 3 |a El moderno sistema mundial 
250 |a 4a. ed 
300 |a 2 v 
942 |c BK 
945 |d 19910128 00:00:00 
260 |a Ciudad de México  |b Siglo veintuno  |c 1987 
500 |a v.1: La agricultura capitalista y los orígenes de la economía- mundo europa en el siglo XVI 
650 7 |a HISTORIA ECONOMICA SIGLO 16  |2 CL-VaPUC  |9 317847 
650 7 |a CAPITALISMO HISTORIA  |2 CL-VaPUC  |9 317848 
650 7 |a CONDICIONES ECONOMICAS SIGLO 16  |2 CL-VaPUC  |9 317726 
651 0 |a Europa  |9 255156 
583 |a last modification  |c 19910128 00:00:00  |k Rodrigo Vera 
490 0 |a Historia 
999 |c 223162  |d 223160 
952 |0 0  |1 0  |4 0  |6 330_122000000000000_WAL_1987  |7 0  |8 R  |9 218684  |a BIBHIS  |b BIBHIS  |d 2019-11-15  |h v.1  |i 2874822  |o 330.122 WAL 1987  |p 2874822  |r 2024-01-30  |w 2019-11-15  |y BK_R  |k HIS